[Event "Mittelfranken-chTB2b 1718"]
[Site "Mittelfranken"]
[Date "2018.01.28"]
[Round "4.1"]
[White "Luther, Helmut"]
[Black "Bayer, Willi"]
[Result "1-0"]
[WhiteElo "1959"]
[BlackElo "1576"]
[PlyCount "43"]
[EventDate "2017.10.08"]
[EventType "team-tourn"]
[EventRounds "9"]
[EventCountry "GER"]
[SourceTitle "EXT 2022"]
[Source "ChessBase"]
[SourceDate "2021.10.06"]
[SourceVersion "1"]
[SourceVersionDate "2021.10.06"]
[SourceQuality "1"]
[WhiteTeam "Nuernberg Sued SW III"]
[BlackTeam "Schnaittach"]
[WhiteTeamCountry "GER"]
[BlackTeamCountry "GER"]

1. d4 e6 2. Nf3 f5 3. g3 Nf6 4. Bg2 d5 5. 0-0 Bd6 6. c4 c6 7. Nc3 0-0 8. Rb1 Nbd7 9. b4 b6 10. b5 c5 11. Ng5 Qe7 12. cxd5 e5 13. dxe5 Nxe5 14. Nf3 Bb7 15. Qc2 Nxd5 16. Nxd5 Bxd5 17. Bf4 Qe6 18. Bxe5 Qxe5 19. Rbd1 Qe4 20. Qxe4 fxe4 21. Rxd5 Rad8 22. Rfd1 1-0

[Event "Mittelfranken-ch QT 66th"]
[Site "Uttenreuth"]
[Date "2017.04.14"]
[Round "6"]
[White "Friedrich, Michael Christian"]
[Black "Luther, Helmut"]
[Result "1/2-1/2"]
[WhiteElo "1541"]
[BlackElo "2006"]
[PlyCount "57"]
[EventDate "2017.04.12"]
[EventType "swiss"]
[EventRounds "7"]
[EventCountry "GER"]
[SourceTitle "EXT 2020"]
[Source "ChessBase"]
[SourceDate "2019.10.17"]
[SourceVersion "1"]
[SourceVersionDate "2019.10.17"]
[SourceQuality "1"]

1. e4 d5 2. exd5 Qxd5 3. Nf3 Bg4 4. Be2 Nc6 5. Nc3 Qd7 6. d4 e6 7. 0-0 0-0-0 8. Be3 Nf6 9. Ne5 Nxe5 10. dxe5 Qxd1 11. Raxd1 Rxd1 12. Rxd1 Bxe2 13. Nxe2 Nd7 14. f4 a6 15. Nc3 Bc5 16. Kf2 Bxe3+ 17. Kxe3 Nb6 18. b3 Rg8 19. Ne4 h6 20. h4 Nd5+ 21. Kf3 h5 22. c4 Ne7 23. Ng5 Rf8 24. g4 hxg4+ 25. Kxg4 Nf5 26. Rd2 Ne3+ 27. Kf3 Nf5 28. Kg4 Ne3+ 29. Kf3 1/2-1/2

[Event "Mittelfranken-chT2b 1617"]
[Site "Mittelfranken"]
[Date "2016.12.11"]
[Round "4.1"]
[White "Puschak, Oliver"]
[Black "Luther, Helmut"]
[Result "1/2-1/2"]
[WhiteElo "1929"]
[BlackElo "1979"]
[PlyCount "61"]
[EventDate "2016.10.23"]
[EventType "team-tourn"]
[EventRounds "9"]
[EventCountry "GER"]
[SourceTitle "EXT 2022"]
[Source "ChessBase"]
[SourceDate "2021.10.06"]
[SourceVersion "1"]
[SourceVersionDate "2021.10.06"]
[SourceQuality "1"]
[WhiteTeam "Lauf SV II"]
[BlackTeam "Nuernberg Sued SW III"]
[WhiteTeamCountry "GER"]
[BlackTeamCountry "GER"]

1. e4 d5 2. exd5 Qxd5 3. Nc3 Qa5 4. d4 Nf6 5. Nf3 Bf5 6. Ne5 c6 7. g4 Bg6 8. Nc4 Qc7 9. Qf3 e6 10. Bf4 Qd8 11. 0-0-0 Nd5 12. Bg3 Nxc3 13. Qxc3 Nd7 14. Bg2 Nb6 15. Ne5 Nd5 16. Qb3 Qb6 17. Bxd5 exd5 18. Nxg6 Qxb3 19. Rhe1+ Kd8 20. axb3 hxg6 21. Re3 Be7 22. Rde1 Bg5 23. f4 Bf6 24. c3 g5 25. f5 Kd7 26. Kd2 Rae8 27. Rxe8 Rxe8 28. Rxe8 Kxe8 29. Bb8 a6 30. Kd3 Kd7 31. Bg3 1/2-1/2

[Event "Mittelfranken-chT2b 1617"]
[Site "Mittelfranken"]
[Date "2016.11.27"]
[Round "3.1"]
[White "Beesk, Kevin"]
[Black "Luther, Helmut"]
[Result "1/2-1/2"]
[WhiteElo "2007"]
[BlackElo "1979"]
[PlyCount "57"]
[EventDate "2016.10.23"]
[EventType "team-tourn"]
[EventRounds "9"]
[EventCountry "GER"]
[SourceTitle "EXT 2022"]
[Source "ChessBase"]
[SourceDate "2021.10.06"]
[SourceVersion "1"]
[SourceVersionDate "2021.10.06"]
[SourceQuality "1"]
[WhiteTeam "Neumarkt"]
[BlackTeam "Nuernberg Sued SW III"]
[WhiteTeamCountry "GER"]
[BlackTeamCountry "GER"]

1. e4 d5 2. exd5 Qxd5 3. Nc3 Qa5 4. d4 Nf6 5. Bc4 Bf5 6. Bd2 c6 7. Nf3 e6 8. Qe2 Bb4 9. 0-0-0 Nbd7 10. a3 Bxc3 11. Bxc3 Qc7 12. Ne5 Nxe5 13. dxe5 Nd5 14. Bxd5 cxd5 15. g4 Bg6 16. Rhf1 h5 17. h3 hxg4 18. hxg4 0-0-0 19. f4 Be4 20. f5 Rh3 21. Bd4 Kb8 22. c3 Rdh8 23. Rd2 Rh1 24. Rxh1 Rxh1+ 25. Rd1 Rxd1+ 26. Kxd1 Qc4 27. Qxc4 dxc4 28. fxe6 fxe6 29. Kd2 1/2-1/2

[Event "Mittelfranken-chTB1 1314"]
[Site "Mittelfranken"]
[Date "2014.03.30"]
[Round "8.2"]
[White "Luther, Helmut"]
[Black "Kroneder, Christian"]
[Result "1-0"]
[WhiteElo "1946"]
[BlackElo "2019"]
[PlyCount "63"]
[EventDate "2013.10.20"]
[EventType "team-tourn"]
[EventRounds "9"]
[EventCountry "GER"]
[SourceTitle "EXT 2020"]
[Source "ChessBase"]
[SourceDate "2019.10.17"]
[SourceVersion "1"]
[SourceVersionDate "2019.10.17"]
[SourceQuality "1"]
[WhiteTeam "Nuernberg Sued SW III"]
[BlackTeam "Schwanstetten"]
[WhiteTeamCountry "GER"]
[BlackTeamCountry "GER"]

1. d4 d5 2. c4 c6 3. cxd5 cxd5 4. Nf3 Nf6 5. g3 Nc6 6. Bg2 Bf5 7. 0-0 e6 8. Nc3 Be7 9. Nh4 Bg4 10. h3 Bh5 11. Nf3 0-0 12. Ne5 Nxe5 13. dxe5 Nd7 14. f4 Bg6 15. e4 dxe4 16. Nxe4 Bxe4 17. Bxe4 Qb6+ 18. Kh2 Nc5 19. Bg2 Rfd8 20. Qe2 Rd7 21. Be3 Rad8 22. Rab1 a5 23. b3 Qb4 24. Rfd1 Nd3 25. a3 Qc3 26. b4 axb4 27. axb4 Bxb4 28. Bb6 Rc8 29. Be4 Nc5 30. Bxc5 Rxd1 31. Bxb4 Rd2 32. Qxd2 1-0

[Event "Forchheim op-B 12th"]
[Site "Forchheim"]
[Date "2013.09.29"]
[Round "4"]
[White "Luther, Helmut"]
[Black "Koerber, Christian"]
[Result "1-0"]
[WhiteElo "2001"]
[BlackElo "1746"]
[PlyCount "35"]
[EventDate "2013.09.27"]
[EventType "swiss"]
[EventRounds "5"]
[EventCountry "GER"]
[SourceTitle "EXT 2019"]
[Source "ChessBase"]
[SourceDate "2018.10.10"]
[SourceVersion "1"]
[SourceVersionDate "2018.10.10"]
[SourceQuality "1"]

1. e4 Nc6 2. d4 d5 3. e5 f6 4. Bb5 Bf5 5. Nf3 Qd7 6. c4 Bxb1 7. Rxb1 dxc4 8. d5 0-0-0 9. Bxc4 e6 10. Qa4 exd5 11. Bb5 Qf5 12. Bxc6 Qxb1 13. 0-0 Qd3 14. Bb5 Qf5 15. Qxa7 c6 16. Nd4 Qxe5 17. Nxc6 bxc6 18. Ba6# 1-0